Silva selectorum operum M. Ciceronis (Record no. 8501)

MARC details
000 -CABECERA
campo de control de longitud fija 00897nam a2200205 a 4500
001 - NÚMERO DE CONTROL
campo de control BRCA_8850
005 - FECHA Y HORA DE LA ÚLTIMA TRANSACCIÓN
campo de control 20190320210432.0
008 - DATOS DE LONGITUD FIJA--INFORMACIÓN GENERAL
campo de control de longitud fija 120517s1788----sp-#######---#000-0#lat-#
041 ## - CÓDIGO DE LENGUA
Código de lengua del texto/banda sonora o título independiente lat
044 ## - CÓDIGO DEL PAÍS DE LA ENTIDAD EDITORA/PRODUCTORA
Código MARC del país sp
084 ## - OTRO NÚMERO DE CLASIFICACIÓN
Número de clasificación BE231
Número de documento/Ítem .C53 1788
100 1# - ENTRADA PRINCIPAL--NOMBRE DE PERSONA
Nombre de persona Cicerón, Marco Tulio
Fechas asociadas al nombre 106 - 43 a.c.
9 (RLIN) 22043
245 10 - MENCIÓN DE TÍTULO
Título Silva selectorum operum M. Ciceronis
Resto del título continens orationes duodecim selectas: quibus accesserunt Tractatus de Senecture, de Amicitia & ejusdem Paradoxa: varia opuscula poética, in gratiam candidatorum Poeseos, et compenaium rhetoricae P. Cipriani Soaril
Mención de responsabilidad, etc. nunc à plurimis menais expurgataà D. Enrico de la Cgruz Herrera...
260 ## - PUBLICACIÓN, DISTRIBUCIÓN, ETC.
Lugar de publicación, distribución, etc. Matriti
Nombre del editor, distribuidor, etc. Typis petri marin
Fecha de publicación, distribución, etc. 1788
300 ## - DESCRIPCIÓN FÍSICA
Extensión 373 p.
Dimensiones 15.5 x 10.5 cm.
500 ## - NOTA GENERAL
Nota general Estado físico: presenta encuadernación en pergamino deteriorado
650 14 - PUNTO DE ACCESO ADICIONAL DE MATERIA--TÉRMINO DE MATERIA
Término de materia o nombre geográfico como elemento de entrada Literatura latina
Subdivisión de forma Antologías
9 (RLIN) 22044
902 ## - CATALOGADOR
Iniciales CFM
942 ## - ELEMENTOS DE PUNTO DE ACCESO ADICIONAL (KOHA)
Fuente del sistema de clasificación o colocación Library of Congress Classification
Tipo de ítem Koha Libros
Holdings
Estado de retiro Estado de pérdida Estado dañado No para préstamo Localización permanente Ubicación/localización actual Fecha de adquisición Total de préstamos Signatura topográfica completa Código de barras Fecha visto por última vez Precio válido a partir de Tipo de ítem Koha
El ejemplar forma parte de la colección y puede ser consultado según las políticas vigentes.       Biblioteca del Museo Franz Mayer (Rogerio Casas-Alatriste) Biblioteca del Museo Franz Mayer (Rogerio Casas-Alatriste) 12/05/2017   BE231 .C53 1788 CFM00176 22/03/2019 22/03/2019 Libros